LEADER 00819nam0-2200301---450- 001 990008787810403321 005 20090108104550.0 035 $a000878781 035 $aFED01000878781 035 $a(Aleph)000878781FED01 035 $a000878781 100 $a20090108d1985----km-y0itay50------ba 101 1 $aeng 102 $aIT 105 $aa-------001yy 200 1 $aAspects of reading and dyslexia$fedited by C.Cornoldi 210 $aPadova$cCLEUP$d1985 215 $a273 p.$cill.$d23 cm 610 0 $aLettura - Apprendimento - Saggi 676 $a616$v19 702 1$aCornoldi,$bCesare$f<1947- > 801 0$aIT$bUNINA$gRICA$2UNIMARC 901 $aBK 912 $a990008787810403321 952 $aA 6/18$bs. i.$fDMNUP 959 $aDMNUP 996 $aAspects of reading and dyslexia$9809571 997 $aUNINA LEADER 01649nam 2200373 n 450 001 996392114303316 005 20200824121528.0 035 $a(CKB)1000000000678751 035 $a(EEBO)2248529672 035 $a(UnM)99845528e 035 $a(UnM)99845528 035 $a(EXLCZ)991000000000678751 100 $a19910930d1608 uy | 101 0 $aeng 135 $aurbn||||a|bb| 200 04$aThe churches securitie, togither with the antidote or preseruative of euer waking faith$b[electronic resource] $eA treatise conteyning many fruitefull instructions, moralities and consolations fit for the time and age wherein wee liue. Herevnto is annexed a sound and profitable treatise of the generall signes and fore-runners of the last iudgement. By Thomas Drax 210 $aAt London $cImprinted by George Eld, and are to be sold by Iohn Wright at his shoppe at Christ-church Gate$d1608 215 $a[8], 62, [18] p 300 $a"The generall signes and forerunners of Christs comming to iudgement" has separate divisional title. 300 $aReproduction of the original in the Union Theological Seminary (New York, N.Y.). Library. 330 $aeebo-0160 606 $aChristian life$vEarly works to 1800 606 $aSecond Advent$vEarly works to 1800 615 0$aChristian life 615 0$aSecond Advent 700 $aDraxe$b Thomas$fd. 1618.$01001472 801 0$bCu-RivES 801 1$bCu-RivES 801 2$bCStRLIN 801 2$bWaOLN 906 $aBOOK 912 $a996392114303316 996 $aThe churches securitie, togither with the antidote or preseruative of euer waking faith$92389507 997 $aUNISA